[Event "PNWCC Masters 2020"]
[Site "chess.com INT"]
[Date "2020.05.25"]
[Round "8.30"]
[White "Li, Thomas"]
[Black "Tran, Tuan Minh"]
[Result "0-1"]
[BlackTitle "GM"]
[WhiteElo "1822"]
[BlackElo "2518"]
[WhiteFideId "30957621"]
[BlackFideId "12401820"]
[EventDate "2020.05.23"]

1. e4 c5 2. Nc3 d6 3. f4 g6 4. Nf3 Bg7 5. Bc4 Nc6 6. O-O e6 7. Kh1 Nge7 8. d4
cxd4 9. Nb5 d5 10. exd5 exd5 11. Bb3 Bg4 12. h3 Bxf3 13. Qxf3 O-O 14. c3 dxc3
15. Nxc3 Nd4 16. Qd3 Nxb3 17. axb3 d4 18. Ne4 Qd5 19. Bd2 Nf5 20. Ra5 Qxe4 0-1

[Event "PNWCC Masters 2020"]
[Site "chess.com INT"]
[Date "2020.05.25"]
[Round "8.31"]
[White "Tsay, Vincent"]
[Black "Xie, Brandon"]
[Result "1-0"]
[WhiteTitle "FM"]
[WhiteElo "2310"]
[BlackElo "1852"]
[WhiteFideId "30931835"]
[BlackFideId "30941288"]
[EventDate "2020.05.23"]

1. d4 Nf6 2. Nf3 g6 3. g3 Bg7 4. Bg2 O-O 5. O-O d5 6. c4 dxc4 7. Na3 c3 8. bxc3
c5 9. Ne5 Nbd7 10. Nac4 Nb6 11. Qd3 Nfd7 12. Rd1 Nxe5 13. Nxe5 cxd4 14. cxd4 Bf5
15. e4 Be6 16. Bf4 Rc8 17. d5 Bd7 18. Rac1 Ba4 19. Rxc8 Nxc8 20. Rb1 Nd6 21. Nf3
Qd7 22. e5 Nc8 23. Ng5 Nb6 24. Nxf7 e6 25. Nd6 Kh8 26. Bh3 Nxd5 27. Qxd5 exd5
28. Bxd7 Bxd7 29. Rxb7 Be6 30. Re7 Bh3 31. Ne8 Rg8 32. Bg5 Bf5 33. Nxg7 Rb8 34.
Nxf5 1-0

[Event "PNWCC Masters 2020"]
[Site "chess.com INT"]
[Date "2020.05.25"]
[Round "8.32"]
[White "Green, Austen"]
[Black "Jiang, Brandon"]
[Result "1/2-1/2"]
[WhiteElo "2126"]
[BlackElo "1954"]
[WhiteFideId "2017865"]
[BlackFideId "30943582"]
[EventDate "2020.05.23"]

1. e4 c5 2. Nf3 Nc6 3. d4 cxd4 4. Nxd4 Nf6 5. Nc3 e5 6. Ndb5 d6 7. Bg5 a6 8. Na3
b5 9. Nd5 Be7 10. Bxf6 Bxf6 11. c3 O-O 12. Nc2 Bg5 13. a4 bxa4 14. Rxa4 a5 15.
Bc4 Rb8 16. b3 Kh8 17. Nce3 f5 18. exf5 Bxf5 19. Nxf5 Rxf5 20. Bd3 Rf8 21. O-O
Qd7 22. Bc2 Nd8 23. Qh5 Bh6 24. Rxa5 Nb7 25. Ra2 Nc5 26. b4 Ne6 27. g3 Qc6 28.
Ra5 Qc4 29. h4 Rbe8 30. Qd1 e4 31. Re1 Nd8 32. Ba4 Re5 33. Bb3 Qc8 34. Bc2 Nc6
35. Ra2 e3 36. f4 Qh3 37. fxe5 Qxg3+ 38. Kh1 Qxh4+ 39. Kg1 Qg3+ 40. Kh1 Nxe5 41.
Rf1 Qh3+ 42. Kg1 Qg3+ 1/2-1/2

[Event "PNWCC Masters 2020"]
[Site "chess.com INT"]
[Date "2020.05.25"]
[Round "8.33"]
[White "Wilson, Ronen"]
[Black "Hu, Merric"]
[Result "1-0"]
[WhiteElo "1909"]
[BlackElo "2080"]
[WhiteFideId "30926173"]
[BlackFideId "30906660"]
[EventDate "2020.05.23"]

1. e4 c5 2. Nf3 Nc6 3. d4 cxd4 4. Nxd4 Nf6 5. Nc3 g6 6. Nxc6 bxc6 7. e5 Ng8 8.
Be3 Bg7 9. Bd4 c5 10. Bxc5 Bxe5 11. Qd5 Bxc3+ 12. bxc3 Qc7 13. Qxa8 Qxc5 14. Qf3
Nf6 15. Be2 Bb7 16. Qg3 O-O 17. O-O Ne4 18. Qe3 Qxe3 19. fxe3 Nxc3 20. Bf3 Bxf3
21. gxf3 Rb8 22. a3 Rb2 23. Rf2 a5 24. e4 a4 25. Rd2 d6 26. Kf2 Nb5 27. Ke3 e5
28. c4 Rxd2 29. Kxd2 Nd4 30. Rf1 g5 31. Kc3 Ne6 32. Kb4 Nc5 33. Rd1 1-0

[Event "PNWCC Masters 2020"]
[Site "chess.com INT"]
[Date "2020.05.25"]
[Round "8.34"]
[White "Bian, Erin"]
[Black "Yan, Ruiyang"]
[Result "0-1"]
[BlackTitle "WCM"]
[WhiteElo "1485"]
[BlackElo "2093"]
[WhiteFideId "30966043"]
[BlackFideId "30919860"]
[EventDate "2020.05.23"]

1. e4 c5 2. Nf3 d6 3. d4 cxd4 4. Nxd4 Nf6 5. Nc3 a6 6. Be3 e5 7. Nb3 Be6 8. h3
Be7 9. f4 exf4 10. Bxf4 Nc6 11. Qe2 Ne5 12. O-O-O Nfd7 13. Nd5 Bxd5 14. exd5 O-O
15. g4 Rc8 16. Bg2 Bf6 17. Kb1 Re8 18. Qf2 Nc4 19. Bc1 Nc5 20. Nxc5 Rxc5 21.
Rhe1 Na3+ 22. Ka1 Nxc2+ 23. Kb1 Nxe1 24. Rxe1 Rxe1 25. Qxe1 Be5 26. Be3 Rc8 27.
Be4 Qe7 28. g5 Re8 29. Qh4 g6 30. Bc1 Bg3 31. Qxg3 Qxe4+ 32. Ka1 Qxd5 33. Qg1
Qe4 34. Qf1 Qe1 35. Qc4 d5 36. Qc7 d4 37. a3 d3 38. Ka2 d2 39. Bxd2 Qxd2 40.
Qxb7 a5 41. Qb5 Rd8 42. h4 Qd5+ 43. Qxd5 Rxd5 0-1

[Event "PNWCC Masters 2020"]
[Site "chess.com INT"]
[Date "2020.05.25"]
[Round "8.35"]
[White "Samant, Neil"]
[Black "Wang, Alex Yuxuan"]
[Result "1/2-1/2"]
[WhiteElo "1764"]
[BlackElo "1983"]
[WhiteFideId "30951860"]
[BlackFideId "30943876"]
[EventDate "2020.05.23"]

1. e4 c5 2. Nf3 d6 3. Bb5+ Bd7 4. Bxd7+ Qxd7 5. c4 e5 6. Nc3 Nc6 7. O-O g6 8. d3
Bg7 9. a3 Nge7 10. Rb1 O-O 11. b4 b6 12. b5 Nd4 13. Nxd4 exd4 14. Nd5 Nxd5 15.
exd5 Rfe8 16. Qf3 Re7 17. Bg5 f6 18. Bf4 g5 19. Bd2 Rae8 20. Rfe1 h6 21. g4 Re5
22. Rxe5 fxe5 23. Qe4 Qf7 24. f3 Rf8 1/2-1/2

[Event "PNWCC Masters 2020"]
[Site "chess.com INT"]
[Date "2020.05.25"]
[Round "8.36"]
[White "Xie, Bryan"]
[Black "Modi, Ethan"]
[Result "1-0"]
[WhiteTitle "CM"]
[WhiteElo "2049"]
[BlackElo "1786"]
[WhiteFideId "30941296"]
[BlackFideId "30960592"]
[EventDate "2020.05.23"]

1. d4 Nf6 2. c4 g6 3. Nc3 d5 4. e3 Bg7 5. Nf3 O-O 6. Qb3 c5 7. dxc5 dxc4 8. Bxc4
Qc7 9. O-O Qxc5 10. e4 Nc6 11. Be3 Qh5 12. Qc2 Bg4 13. Be2 Bxf3 14. Bxf3 Qa5 15.
a3 Rac8 16. Qb3 Qc7 17. Be2 Rfd8 18. Rfd1 h5 19. h3 Na5 20. Qa4 b6 21. Ba6 Rxd1+
22. Rxd1 Rd8 23. Rc1 Qb8 24. b4 Nb7 25. Qc6 Rd7 26. Nd5 Rxd5 27. exd5 Nd6 28.
Bf4 Nfe4 29. Bxd6 Nxd6 30. Qc7 Qa8 31. Rc6 Bf6 32. a4 Kg7 33. a5 bxa5 34. bxa5
h4 35. Bc8 a6 36. Bxa6 Qh8 37. Bf1 Qh5 38. a6 Qxd5 39. a7 Bd4 40. a8=Q Bxf2+ 41.
Kh1 Nf5 42. Rxg6+ Kxg6 43. Qxd5 1-0

[Event "PNWCC Masters 2020"]
[Site "chess.com INT"]
[Date "2020.05.25"]
[Round "8.37"]
[White "Yang, Maxwell"]
[Black "Lu, Jason"]
[Result "0-1"]
[WhiteElo "1075"]
[BlackElo "2024"]
[WhiteFideId "30965268"]
[BlackFideId "30938040"]
[EventDate "2020.05.23"]

1. e4 c5 2. Nf3 d6 3. d4 cxd4 4. Nxd4 Nf6 5. Nc3 a6 6. Bg5 e6 7. f4 h6 8. Bh4
Be7 9. Bf2 Qc7 10. Qf3 Nbd7 11. g4 g5 12. f5 Ne5 13. Qg3 Nfxg4 14. fxe6 fxe6 15.
h3 Nxf2 16. Qxf2 Bd7 17. Qe3 Qc5 18. Qd2 Qxd4 19. Qxd4 Nf3+ 20. Kf2 Nxd4 21. Ke3
Nxc2+ 22. Kd2 Nxa1 23. Bd3 Nb3+ 24. axb3 O-O-O 25. Rc1 Kb8 26. Ne2 Rc8 27. Bc4
b5 28. Bd3 Rxc1 29. Nxc1 Rf8 30. Ke3 Bf6 31. Ne2 Bxb2 32. Ng3 Be5 33. Ne2 Kc7
34. Nc1 Bf4+ 35. Ke2 Bxc1 36. Bc2 e5 37. Bd3 Bxh3 38. Bc2 Bg4+ 39. Ke1 Be3 40.
Bd1 Bxd1 41. Kxd1 Rf2 42. Ke1 h5 43. b4 h4 44. Kd1 h3 45. Ke1 h2 46. Kd1 h1=R# 0-1

[Event "PNWCC Masters 2020"]
[Site "chess.com INT"]
[Date "2020.05.25"]
[Round "8.38"]
[White "Chang, Eddie"]
[Black "Guha, Eshan"]
[Result "1-0"]
[WhiteElo "1667"]
[BlackElo "1866"]
[WhiteFideId "30960932"]
[BlackFideId "30958628"]
[EventDate "2020.05.23"]

1. d4 Nf6 2. c4 c5 3. d5 b5 4. cxb5 a6 5. b6 e6 6. Nc3 exd5 7. Nxd5 Nxd5 8. Qxd5
Nc6 9. e4 Be7 10. Nf3 O-O 11. Be2 Qxb6 12. O-O d6 13. Nd2 Be6 14. Nc4 Qc7 15.
Qd1 Rfd8 16. Bf4 Ne5 17. Bxe5 dxe5 18. Qc2 Rd4 19. Rfd1 Rad8 20. h3 f6 21. Ne3
Qb7 22. Nd5 Bf8 23. Bc4 Bf7 24. b3 Kh8 25. Qe2 Rd6 26. g4 Qd7 27. Kg2 g6 28. f3
Bh6 29. Rd3 f5 30. Rf1 fxe4 31. fxe4 Bxd5 32. Rxd4 cxd4 33. Bxd5 Rxd5 34. exd5
Qxd5+ 35. Qf3 e4 36. Qf6+ Kg8 37. Qxa6 e3+ 38. Kg1 Qd7 39. Qa8+ 1-0

[Event "PNWCC Masters 2020"]
[Site "chess.com INT"]
[Date "2020.05.25"]
[Round "8.39"]
[White "Ho, Carter"]
[Black "Hoesley, Aria"]
[Result "0-1"]
[WhiteElo "1415"]
[BlackElo "1885"]
[WhiteFideId "30965292"]
[BlackFideId "30918669"]
[EventDate "2020.05.23"]

1. e4 g6 2. d4 Bg7 3. Nc3 d6 4. f4 Nc6 5. Be3 a6 6. a4 Nf6 7. h3 O-O 8. Nf3 Nh5
9. Be2 Ng3 10. Rg1 Bd7 11. Bf2 Nxe2 12. Nxe2 b5 13. axb5 axb5 14. Be3 Nb4 15.
Rxa8 Qxa8 16. Ng3 Qa2 17. c3 Nc6 18. Qd2 Na5 19. Kf2 Nc4 20. Qc2 Nxb2 21. Ne2
Ra8 22. Rb1 Nc4 23. Qxa2 Rxa2 24. Bc1 c6 25. e5 Bf5 26. Rb3 Bd3 27. Ng1 d5 28.
Ke1 Bc2 29. Rb4 e6 30. Nf3 Bf8 31. Nd2 Bxb4 32. cxb4 Bd3 33. g4 Ra1 34. Nxc4
Bxc4 35. Kd2 Bxe2 36. Bb2 Ra2 37. Kc3 h5 38. Kb3 Ra8 39. gxh5 gxh5 40. Kc3 Kh7
41. Kd2 Bf1 42. h4 Rg8 43. Ke3 Rg3+ 44. Kf2 Rg2+ 45. Kxf1 Rxb2 46. Kg1 Rxb4 47.
Kf1 Rxd4 48. Ke1 Rxf4 49. Kd2 c5 50. Kd3 c4+ 51. Kc3 d4+ 52. Kb4 c3 53. Kxb5 d3
54. Kb6 Rc4 0-1

[Event "PNWCC Masters 2020"]
[Site "chess.com INT"]
[Date "2020.05.25"]
[Round "8.40"]
[White "Li, Jason"]
[Black "Li, David Xinjian"]
[Result "1-0"]
[WhiteElo "1843"]
[BlackElo "1672"]
[WhiteFideId "30909058"]
[BlackFideId "30926319"]
[EventDate "2020.05.23"]

1. e4 c5 2. Nf3 d6 3. c3 Nf6 4. Be2 g6 5. O-O Bg7 6. Re1 O-O 7. Bf1 e5 8. h3 Nc6
9. d3 Qb6 10. Na3 Be6 11. Nc2 Nd7 12. Ng5 Qc7 13. Be3 Qb6 14. Nxe6 fxe6 15. Rb1
d5 16. Qg4 Rae8 17. exd5 Nf6 18. Qc4 exd5 19. Qxc5 Qxc5 20. Bxc5 Rf7 21. Nb4
Nxb4 22. Bxb4 Nh5 23. g3 Bf8 24. Bxf8 Rexf8 25. Re2 Rf3 26. Rd1 d4 27. Bg2 R3f7
28. Bd5 dxc3 29. bxc3 Re8 30. Rde1 Nf6 31. Bxf7+ Kxf7 32. Rxe5 Rxe5 33. Rxe5 Nd7
34. Re1 Kf6 35. Kg2 Ne5 36. d4 Nc4 37. Kf3 b5 38. d5 Ne5+ 39. Ke4 Nc4 40. Kd4 h6
41. Re6+ Kf7 42. Ra6 h5 43. Rxa7+ Kf6 44. Rb7 Nd6 45. Rb6 Ke7 46. Rxd6 Kxd6 47.
c4 bxc4 48. Kxc4 g5 49. a4 g4 50. hxg4 hxg4 51. Kd4 Kd7 52. Ke5 Ke7 53. a5 Kd7
54. a6 Kc7 55. d6+ Kb8 56. d7 Ka7 57. d8=Q Kxa6 58. Qb8 Ka5 59. Kd4 Ka4 60. Kc4
Ka3 61. Qb3# 1-0

[Event "PNWCC Masters 2020"]
[Site "chess.com INT"]
[Date "2020.05.25"]
[Round "8.41"]
[White "Tay, Brian"]
[Black "Jiang, Leo"]
[Result "1/2-1/2"]
[WhiteElo "1898"]
[BlackElo "1592"]
[WhiteFideId "30941083"]
[BlackFideId "30952140"]
[EventDate "2020.05.23"]

1. e4 e6 2. d3 c5 3. Nf3 Nc6 4. g3 Nge7 5. Bg2 g6 6. O-O Bg7 7. Re1 O-O 8. c3 d5
9. Nbd2 b6 10. exd5 exd5 11. Nb3 Bb7 12. Bf4 Qd7 13. d4 cxd4 14. Nbxd4 Nxd4 15.
Nxd4 Rfe8 16. Qd2 Nf5 17. Nxf5 Qxf5 18. Rad1 Rxe1+ 19. Rxe1 Qd7 20. Rd1 Rd8 21.
Be3 Bc6 22. Bd4 Bxd4 23. Qxd4 Ba4 24. b3 Bc6 25. h4 h5 26. Qf4 Qe6 27. Rd4 Qe1+
28. Kh2 Qxc3 29. Rd1 Qc5 30. Qc7 Rd7 31. Qc8+ Kg7 32. Re1 Bb5 33. Qb8 Qc7 34.
Qe8 Bc6 35. Rc1 Qd6 36. Qe3 Bb7 37. Qd4+ Kh7 38. Rd1 Qc5 39. Qf6 Qe7 40. Qd4 Qc5
41. Qd2 Qd6 42. Bf3 Bc6 43. Qd4 Bb7 44. b4 Rc7 45. Be2 Rd7 46. a3 Rc7 47. Kg2
Qe6 48. Bf3 Rd7 49. Qd3 Qd6 50. Kg1 Kg7 51. Qd4+ Qf6 52. Qd3 Ba6 53. Qxa6 Qxf3
54. Re1 1/2-1/2

[Event "PNWCC Masters 2020"]
[Site "chess.com INT"]
[Date "2020.05.25"]
[Round "8.42"]
[White "Ho, Cooper"]
[Black "Tu, Lawrence"]
[Result "0-1"]
[WhiteElo "1663"]
[BlackElo "1554"]
[WhiteFideId "30964610"]
[BlackFideId "30935407"]
[EventDate "2020.05.23"]

1. e4 c5 2. Nf3 d6 3. d4 cxd4 4. Nxd4 Nf6 5. Nc3 a6 6. f3 e5 7. Nb3 Be6 8. Be3
Be7 9. Qd2 Nbd7 10. g4 h6 11. O-O-O Qc7 12. h4 b5 13. Be2 b4 14. Nd5 Bxd5 15.
exd5 a5 16. g5 hxg5 17. hxg5 Rxh1 18. Rxh1 Ng8 19. Rh8 Kf8 20. Bd3 a4 21. Bh7
Ke8 22. Rxg8+ Bf8 23. Na1 Qc4 24. Kb1 Qf1+ 25. Qc1 Qxf3 26. Qg1 Qxd5 27. Bf5 Rd8
28. Qg4 Nc5 29. g6 f6 30. Rh8 Rb8 31. Bxc5 dxc5 32. Be4 Qd6 33. Rh1 Qa6 34. Bd3
Qc6 35. Rd1 Rd8 36. Qc4 Rd7 37. Qb5 Qd5 38. Be2 Qb7 39. Bc4 f5 40. Qxd7+ Qxd7
41. Rxd7 Kxd7 42. Bb5+ Kd6 43. Bxa4 e4 44. Kc1 f4 45. Kd2 Ke5 46. Bb5 Be7 47. a4
bxa3 48. bxa3 Bg5 49. c3 f3+ 50. Ke1 e3 51. Nc2 Ke4 52. a4 Bf6 53. c4 Bh4+ 54.
Kd1 e2+ 55. Kd2 Bg5+ 56. Ke1 Kd3 57. Nb4+ cxb4 58. c5+ Ke3 59. Bxe2 fxe2 60. c6
Bh4# 0-1

[Event "PNWCC Masters 2020"]
[Site "chess.com INT"]
[Date "2020.05.25"]
[Round "8.46"]
[White "Vega, Isaac"]
[Black "Harish, Neeraj"]
[Result "1-0"]
[WhiteElo "1735"]
[BlackElo "1472"]
[WhiteFideId "30914035"]
[BlackFideId "30958130"]
[EventDate "2020.05.23"]

1. e4 c5 2. Nc3 Nc6 3. f4 g6 4. Nf3 Bg7 5. Bb5 Nd4 6. O-O Nxb5 7. Nxb5 d6 8. d3
e5 9. fxe5 dxe5 10. Qe1 Ne7 11. Ng5 O-O 12. Qh4 h6 13. Nf3 Nc6 14. Qf2 Nd4 15.
Nbxd4 cxd4 16. Bd2 a5 17. Qg3 Qe7 18. c3 Bd7 19. Rac1 Bb5 20. c4 Bd7 21. Qe1 b6
22. b4 a4 23. b5 Rfc8 24. Bb4 Qe6 25. Qg3 f5 26. exf5 gxf5 27. Rce1 e4 28. Nh4
Qe5 29. Rf4 e3 30. Ng6 Qf6 31. Ne7+ Kh7 32. Nd5 Qe6 33. Rh4 Be5 34. Nf4 Bxf4 35.
Qxf4 Rg8 36. Qxd4 e2 37. Qf4 Rae8 38. Bd2 Rg6 39. Rh3 Reg8 40. Rg3 Rxg3 41. hxg3
Rg4 42. Qf3 Qd6 43. Bf4 Qg6 44. Rxe2 Be6 45. Qb7+ Kg8 46. Qe7 Bf7 47. Qd8+ Kh7
48. Re7 1-0

[Event "PNWCC Masters 2020"]
[Site "chess.com INT"]
[Date "2020.05.25"]
[Round "9.1"]
[White "Vitiugov, Nikita"]
[Black "Fedoseev, Vladimir3"]
[Result "0-1"]
[WhiteTitle "GM"]
[BlackTitle "GM"]
[WhiteElo "2722"]
[BlackElo "2678"]
[WhiteFideId "4152956"]
[BlackFideId "24130737"]
[EventDate "2020.05.23"]

1. e4 c5 2. Nf3 d6 3. Bb5+ Nd7 4. O-O a6 5. Bd3 Ngf6 6. c3 e6 7. a4 b6 8. Bc2
Bb7 9. Re1 c4 10. Na3 Qc7 11. Bb1 Be7 12. Ba2 Bxe4 13. Bxc4 O-O 14. Bf1 Bb7 15.
d4 e5 16. Nc2 Rfe8 17. Ne3 e4 18. Ng5 h6 19. Nh3 d5 20. Nf5 Bf8 21. Bf4 Qc6 22.
Rc1 b5 23. axb5 axb5 24. Qb3 Ra5 25. Ne3 Nb6 26. Be5 Nfd7 27. Bg3 Nc4 28. Nf4
Nxe3 29. Rxe3 Nb6 30. Ree1 Nc4 31. Be2 Rea8 32. Bxc4 bxc4 33. Qd1 Rb5 34. Rc2
Qb6 35. Qd2 Bc8 36. h4 Bf5 37. Qe3 Be7 38. Rd2 g5 39. hxg5 hxg5 40. Ne2 Ra2 41.
f3 Rbxb2 42. Rxb2 Qxb2 43. Bf2 Bg6 44. f4 Qd2 45. g4 f6 46. fxg5 Qxe3 47. Bxe3
fxg5 48. Kf1 Bf7 49. Rb1 Be6 50. Rb8+ Kf7 51. Rb7 Ke8 52. Rb8+ Kd7 53. Rb7+ Kd8
54. Rb5 Kc7 55. Ng3 Kc6 56. Rb8 Bd6 0-1

[Event "PNWCC Masters 2020"]
[Site "chess.com INT"]
[Date "2020.05.25"]
[Round "9.2"]
[White "Sevian, Samuel"]
[Black "Xiong, Jeffery"]
[Result "1/2-1/2"]
[WhiteTitle "GM"]
[BlackTitle "GM"]
[WhiteElo "2660"]
[BlackElo "2709"]
[WhiteFideId "2040506"]
[BlackFideId "2047640"]
[EventDate "2020.05.23"]

1. e4 e5 2. Nf3 Nc6 3. Bc4 Bc5 4. O-O Nf6 5. d3 d6 6. c3 O-O 7. h3 Ne7 8. Re1
Ng6 9. d4 Bb6 10. Bb3 c6 11. Nbd2 exd4 12. cxd4 d5 13. exd5 Nxd5 14. Ne4 h6 15.
Ne5 Qh4 16. Nf3 Qd8 17. Ne5 Qh4 18. Nf3 Qd8 1/2-1/2

[Event "PNWCC Masters 2020"]
[Site "chess.com INT"]
[Date "2020.05.25"]
[Round "9.3"]
[White "Melkumyan, Hrant"]
[Black "Guseinov, Gadir"]
[Result "1-0"]
[WhiteTitle "GM"]
[BlackTitle "GM"]
[WhiteElo "2663"]
[BlackElo "2665"]
[WhiteFideId "13302485"]
[BlackFideId "13401378"]
[EventDate "2020.05.23"]

1. d4 Nf6 2. c4 g6 3. Nc3 Bg7 4. e4 d6 5. f3 O-O 6. Nge2 Nc6 7. Be3 a6 8. Qd2
Bd7 9. Ng3 e5 10. d5 Nd4 11. Nge2 Nxe2 12. Bxe2 Nh5 13. O-O-O Nf4 14. Bf1 f5 15.
Kb1 b6 16. g3 Nh5 17. Be2 Qe7 18. Rhg1 Rae8 19. a3 a5 20. Ka2 Kh8 21. Rde1 Qf7
22. Bd1 Re7 23. exf5 gxf5 24. f4 Nf6 25. fxe5 dxe5 26. Rgf1 Ne8 27. Bg5 Bf6 28.
Bxf6+ Qxf6 29. g4 Nd6 30. Ne4 Nxe4 31. Rxe4 f4 32. Qc3 Qg7 33. Bf3 a4 34. Rfe1
Rfe8 35. h3 h6 36. Rd1 Qf6 37. Ka1 Kg8 38. Rde1 Kf8 39. Bd1 Kg7 40. Rg1 Kf8 41.
Rf1 Rf7 42. Bf3 Kg8 43. Rh1 Rg7 44. Rhe1 Rge7 45. R1e2 Kg7 46. Qe1 c6 47. h4
cxd5 48. cxd5 Qd6 49. g5 Bf5 50. Rxa4 Bd3 51. Rg2 e4 52. Bh5 f3 53. gxh6+ Kxh6
54. Qe3+ Kh7 55. Bxf3 Qh6 56. Rg5 Bc2 57. Rh5 Qxh5 58. Bxh5 Bxa4 59. d6 Re5 60.
Bxe8 Bxe8 1-0

[Event "PNWCC Masters 2020"]
[Site "chess.com INT"]
[Date "2020.05.25"]
[Round "9.4"]
[White "Chasin, Nico"]
[Black "Bernadskiy, Vitaliy"]
[Result "0-1"]
[WhiteTitle "FM"]
[BlackTitle "GM"]
[WhiteElo "2303"]
[BlackElo "2629"]
[WhiteFideId "30908477"]
[BlackFideId "14100371"]
[EventDate "2020.05.23"]

1. d4 Nf6 2. c4 c5 3. d5 b5 4. cxb5 a6 5. bxa6 e6 6. Nc3 exd5 7. Nxd5 Be7 8.
Nxe7 Qxe7 9. Nf3 Bxa6 10. Bf4 d5 11. Qa4+ Nbd7 12. e3 c4 13. Be2 O-O 14. O-O Nc5
15. Qc2 Nfe4 16. b3 Nd3 17. Bxd3 cxd3 18. Qb2 g5 19. Bg3 Rac8 20. Rfc1 h5 21.
Nd4 d2 22. Rxc8 Rxc8 23. Rd1 Qc5 24. Nf5 f6 25. Qa1 Be2 26. Bd6 Qc1 27. Ne7+ Kf7
28. Nxc8 Bxd1 0-1

[Event "PNWCC Masters 2020"]
[Site "chess.com INT"]
[Date "2020.05.25"]
[Round "9.6"]
[White "Lintchevski, Daniil"]
[Black "Chigaev, Maksim"]
[Result "1-0"]
[WhiteTitle "GM"]
[BlackTitle "GM"]
[WhiteElo "2559"]
[BlackElo "2588"]
[WhiteFideId "4171055"]
[BlackFideId "4108116"]
[EventDate "2020.05.23"]

1. e4 g6 2. d4 Bg7 3. Nf3 d6 4. Bc4 e6 5. O-O Ne7 6. c3 a6 7. a4 b6 8. Qe2 Bb7
9. Bb3 Nd7 10. Bf4 h6 11. Nbd2 O-O 12. h3 Kh7 13. Bh2 Nc6 14. Rfe1 Qe7 15. Bc2
e5 16. d5 Ncb8 17. a5 b5 18. b4 c5 19. dxc6 Nxc6 20. Rab1 Rac8 21. Bd3 Na7 22.
c4 Bc6 23. Rbc1 Nf6 24. Rc2 Rb8 25. cxb5 Bxb5 26. Rec1 Bxd3 27. Qxd3 Nb5 28. Rc6
Qb7 29. Qc4 Ng8 30. Rb6 Qa7 31. Rxb8 Qxb8 32. g4 Ne7 33. Qb3 Qb7 34. Bg3 f5 35.
Qd3 f4 36. Bh4 g5 37. Bxg5 hxg5 38. Nxg5+ Kh8 39. Ndf3 Bf6 40. Qc4 Bxg5 41. Nxg5
Qc8 42. Qf1 Qd7 43. Qc4 Rg8 44. Nf7+ Kh7 45. Kh2 Qe8 46. Qe6 Rg6 47. Rc8 Qxc8
48. Qxe7 Qc7 49. Qf8 Rg7 50. Qh8+ Kg6 51. Qh5+ Kf6 52. g5+ Ke7 53. Nh6 Kd8 54.
Nf5 Rh7 55. Qg4 Qc2 56. Qg2 f3 57. Qxf3 Qd2 58. g6 Rh8 59. g7 Rg8 60. h4 Kc7 61.
h5 Qg5 62. h6 Nd4 63. Qc3+ Kb7 64. Qg3 Qh5+ 65. Qh3 Qe2 66. Qg3 Nf3+ 67. Kh3 Ne1
68. Kh4 Qxe4+ 69. Kg5 Nf3+ 70. Kf6 Kc7 71. h7 Nd4 72. Qg6 Re8 73. Qf7+ Kd8 74.
Qxe8+ Kxe8 75. g8=Q+ Kd7 76. Qf7+ 1-0

[Event "PNWCC Masters 2020"]
[Site "chess.com INT"]
[Date "2020.05.25"]
[Round "9.7"]
[White "Predojevic, Borki"]
[Black "He, Anthony"]
[Result "1-0"]
[WhiteTitle "GM"]
[BlackTitle "FM"]
[WhiteElo "2601"]
[BlackElo "2337"]
[WhiteFideId "930849"]
[BlackFideId "2088215"]
[EventDate "2020.05.23"]

1. Nf3 Nf6 2. g3 g6 3. b3 Bg7 4. Bb2 d6 5. d4 c5 6. Bg2 cxd4 7. Nxd4 d5 8. c4
dxc4 9. bxc4 O-O 10. O-O Qb6 11. Qc1 Nc6 12. Nxc6 bxc6 13. Nd2 Bg4 14. Re1 Rfd8
15. Bc3 Qc5 16. Nb3 Qh5 17. Na5 Rac8 18. Nxc6 Re8 19. Qa3 Bxe2 20. h3 Bf8 21.
Qxa7 Bf3 22. Re5 g5 23. Qe3 Bxc6 24. Rxg5+ Qg6 25. Rxg6+ hxg6 26. Bxc6 Rxc6 27.
Bxf6 Rxf6 28. a4 Rc6 29. a5 Rxc4 30. a6 e6 31. a7 Rcc8 32. Qf3 Ra8 33. Qb7 Bc5
34. Kg2 e5 35. g4 e4 36. Qc6 Bd4 37. Qxe8+ Rxe8 38. a8=Q Rxa8 39. Rxa8+ Kg7 40.
Ra4 Be5 41. Rxe4 Kf6 42. Ra4 Kg7 43. f4 Bd6 44. g5 Bc7 45. Kf3 Bd6 46. Kg4 Bc7
47. h4 Bd6 48. f5 gxf5+ 49. Kxf5 Bc5 50. h5 Be3 51. Rb4 Bc5 52. Rb7 Kg8 53. g6
fxg6+ 54. Kxg6 Bd6 55. Rd7 Bf8 56. Rd8 1-0

[Event "PNWCC Masters 2020"]
[Site "chess.com INT"]
[Date "2020.05.25"]
[Round "9.8"]
[White "Sarkar, Justin"]
[Black "Fridman, Daniel"]
[Result "0-1"]
[WhiteTitle "IM"]
[BlackTitle "GM"]
[WhiteElo "2380"]
[BlackElo "2615"]
[WhiteFideId "2010011"]
[BlackFideId "11600454"]
[EventDate "2020.05.23"]

1. d4 d5 2. c4 e6 3. Nc3 Nf6 4. Bg5 Be7 5. e3 h6 6. Bh4 O-O 7. Nf3 Ne4 8. Bxe7
Qxe7 9. Rc1 c6 10. h4 Rd8 11. g4 c5 12. g5 cxd4 13. exd4 Nc6 14. gxh6 Qf6 15.
hxg7 e5 16. Nxe4 dxe4 17. Ng5 Nxd4 18. Qh5 Qxg7 19. c5 Kf8 20. Bc4 f6 21. Qf7+
Qxf7 22. Nxf7 Nf3+ 23. Kf1 Nd2+ 24. Ke1 Nf3+ 25. Kf1 Rd4 26. Nd6 Bg4 27. h5 Ke7
28. h6 Rh8 29. h7 Nd2+ 30. Ke1 b6 31. Bg8 Nf3+ 32. Kf1 Be6 33. Nb5 Rd2 34. Bxe6
Kxe6 35. c6 e3 36. Kg2 Rxf2+ 37. Kg3 Ng5 38. c7 Ne4+ 39. Kg4 Rf4+ 40. Kh5 Ng3+
41. Kh6 Nf5+ 42. Kh5 Rxh7+ 43. Kg6 Rg7+ 44. Kh5 Rg5# 0-1

[Event "PNWCC Masters 2020"]
[Site "chess.com INT"]
[Date "2020.05.25"]
[Round "9.9"]
[White "Yoo, Christopher Woojin"]
[Black "Liang, Jason"]
[Result "1/2-1/2"]
[WhiteTitle "IM"]
[BlackTitle "FM"]
[WhiteElo "2455"]
[BlackElo "2340"]
[WhiteFideId "30909694"]
[BlackFideId "30940303"]
[EventDate "2020.05.23"]

1. e4 c6 2. d4 d5 3. e5 Bf5 4. h4 h6 5. g4 Be4 6. f3 Bh7 7. e6 Nf6 8. Bd3 Qd6 9.
exf7+ Kxf7 10. Ne2 Nbd7 11. g5 Bxd3 12. Qxd3 hxg5 13. Bxg5 e5 14. Nd2 c5 15.
dxe5 Nxe5 16. Qf5 g6 17. Qh3 Re8 18. O-O-O Nd3+ 19. cxd3 Rxe2 20. Rde1 Rxe1+ 21.
Rxe1 Qd7 22. Qg2 Bd6 23. Bxf6 Kxf6 24. Qg5+ Kg7 25. Rg1 Qe6 26. Rg4 Be7 27. Qf4
Rxh4 28. Rxh4 Qe1+ 29. Kc2 Bxh4 30. Qd6 Bg5 31. f4 Qe7 32. Qxd5 Bxf4 33. Ne4 b6
34. a4 Be3 35. Qc6 Bd4 36. Kb3 Qf7+ 37. Ka3 Kh6 38. Nd6 Qf1 39. Ka2 Qxd3 40.
Qh1+ Kg5 41. Qd5+ Kh6 42. Nf7+ Kg7 43. Ng5 Qc2 44. Ne6+ Kf6 45. Nxd4 cxd4 46.
Qxd4+ Kf5 47. Qd5+ Kf4 48. Qf7+ Qf5 49. Qxa7 Qd5+ 50. Ka1 Qh1+ 51. Ka2 Qd5+ 52.
Ka3 Qd6+ 53. Ka2 g5 54. Qf7+ Ke5 55. Qg7+ Qf6 56. Qc7+ Ke4 57. Qc4+ Qd4 58. Qe6+
Kf4 59. Qf7+ Kg3 60. Qc7+ Kh3 61. Qh7+ Kg4 62. Qc2 Qd5+ 63. Ka1 Qh1+ 64. Ka2
Qd5+ 65. Ka1 Qd4 66. Ka2 Kf4 67. Qc7+ Kf3 68. Qc6+ Qe4 69. Qf6+ Qf4 70. Qc6+ Kg3
71. Qc3+ Qf3 72. Qc7+ Qf4 73. Qc3+ Kh4 74. Qh8+ Kg4 75. Qc8+ Kf3 76. Qc3+ Qe3
77. Qc6+ Kf2 78. Qc2+ Ke1 79. Qg2 Qc5 80. Qg3+ Ke2 81. Qg2+ Kd3 82. Qf3+ Qe3 83.
Qd5+ Ke2 84. Qg2+ Ke1 85. Qh1+ Kd2 86. Qg2+ Kd3 87. Qd5+ Kc2 88. Qc6+ Kd2 89.
Qg2+ Kd3 90. Qd5+ 1/2-1/2